| 000 | 01032nam a2200265 i 4500 | ||
|---|---|---|---|
| 001 | bg | ||
| 100 | 1 | _aGRYTA, Marek | |
| 245 | 1 | 0 |
_aRozdzielanie składników roztworów techniką destylacji membranowej / _cMarek Gryta. |
| 260 |
_aSzczecin : _bWydaw. Uczelniane PS, _c2003. |
||
| 300 |
_a160, [3] s. : _bil. ; _c24 cm. |
||
| 490 | 1 |
_aPrace Naukowe Politechniki Szczecińskiej. Instytut Technologii Chemicznej Nierganicznej i Inżynierii Środowiska, _x1230-7106 ; _vnr 7 |
|
| 500 | _aNr w serii gł. 577. streszcz. ang. i niem. | ||
| 504 | _aBibliogr. | ||
| 650 | 9 | _aDestylacja membranowa | |
| 650 | 9 | _aBłony półprzepuszczalne | |
| 650 | 9 |
_aRoztwory _xbadanie |
|
| 650 | 9 |
_aWoda _xtechnologia |
|
| 650 | 9 |
_aŚcieki _xtechnologia |
|
| 830 |
_aPrace Naukowe Politechniki Szczecińskiej. Instytut Technologii Chemicznej Nierganicznej i Inżynierii Środowiska, _x1230-7106 ; |
||
| 040 | _cBPK | ||
| 041 | 0 |
_apol _bengger |
|
| 080 | _a66.01/.09:544.3:628.1/.3 | ||
| 942 | _cKS | ||
| 008 | s pl f |000 0 pol | ||
| 999 |
_c44586 _d44586 |
||
| 856 |
_uhttp://koha.tu.koszalin.pl/cgi-bin/koha/opac-detail.pl?biblionumber=44586 _yKatalog online BPK |
||